| 000 | 00770nam a22002297a 4500 | ||
|---|---|---|---|
| 999 |
_c21254 _d21254 |
||
| 003 | AR-CdUCM | ||
| 008 | 190320b ||||| |||| 00| 0 spa d | ||
| 020 | _a9786120034880 | ||
| 040 |
_aMUNICIPALIDAD PROVINCIAL DEL CUSCO _cBIBLIOTECA MUNICIPAL DEL CUSCO |
||
| 082 |
_a658.1/E88 _bE88 |
||
| 100 |
_aEspinoza Calle, Heber _944400 |
||
| 245 | _aBienes y raíces tu mina de oro / | ||
| 260 |
_aCusco ; _bServigraf, _c2018. |
||
| 300 |
_a137 Páginas. : _c20 cm. |
||
| 505 | _aContenido: Libertad financiera con bienes y raíces -- El sueño de la vivienda propia ... | ||
| 650 |
_aEmpresarios y Finanzas _920409 |
||
| 650 |
_aLibertad financiera _944401 |
||
| 650 |
_aInversiones _94219 |
||
| 650 |
_aBienes y raíces _944402 |
||
| 942 |
_2ddc _cLIBROS |
||
| 945 | _aRoel | ||